000 00351cam a22001217a 4500
008 180718b1985 xxu||||| |||| 00| 0 eng d
082 _aZ442x54 P192
100 _aPanda, R.K.
245 _aAgricultural indebtedness and institutional finance
_cby R.K. Panda
260 _aDelhi
_bAshish
_c1985
300 _a180p.
650 _aAgricultural credit - India
999 _c351336
_d351336